000 00895nas a2200301 4500
001 BR0810551
003 BR-BrBNA
005 20231205112941.0
007 ta
008 230509b bl.|||p| |||| 00| 00por d
040 _aBR-BrBNA
_bpor
_cBiblioteca Nacional de Agricultura
041 _a(Pt)
072 _aP10; U40
100 1 _aNovaes, L.F. de
100 1 _aPruski, F.F.
100 1 _aQueiroz, D.O. de
100 1 _aRodriguez, R. del G.
100 1 _aSilva, D.D. da
100 1 _aRamos, M.M.
245 1 _aAvaliação do desempenho de cinco metodologias de regionalização de vazões
650 _aÁGUA
650 _aVAZÃO
650 _aMETODOLOGIA
650 _aDESEMPENHO
773 0 _tRevista Brasileira de Recursos Hídricos (Brazil)
_xISSN 1414-381X
_g(Apr-Jun 2007), v. 12(2) p. 51-61
_wBR0810551
909 _a202311
_bLúcia
_c55
_dLúcia Elande
942 _2AGRIS
_n0
_cANA
999 _c200977
_d200977